| 000 | 00416 a2200157 4500 | ||
|---|---|---|---|
| 999 |
_c29852 _d29852 |
||
| 003 | NUST | ||
| 005 | 20180118122833.0 | ||
| 008 | 180118b xxu||||| |||| 00| 0 eng d | ||
| 020 | _a9810233086 | ||
| 020 | _a9789810233082 | ||
| 082 | _a514.74 | ||
| 100 | 1 |
_aVilasi, Gaetano. _98720 |
|
| 245 | 1 | 0 |
_aHamiltonian dynamics / _cGaetano Vilasi. |
| 260 |
_a[S.l.] : _bWorld Scientific Pub Co Inc, _c2001. |
||
| 300 |
_a456 p. ; _c22 cm. |
||
| 700 |
_aVilasi, Gaetano. _98720 |
||
| 942 |
_aSNS _cBK _k514.74 VIL _2ddc |
||